000 00359pam a2200157a 44500
008 230515b1987 xxu||||| |||| 00| 0 eng d
020 _aNULL
041 _aENGLISH
082 _a630
100 _aSP: 40-1987
245 _aHANDBOOK ON STRUCTURES WITH STEEL PORTAL FRAMES
250 _a0
260 _aDELHI
_bISI
_c1987
300 _a180
650 _aNULL
999 _c652569
_d652569